000 01469cam0 2200361 ib4500
001 BY-MI0001-br8961647
005 20251220083631.0
010 ^a978-5-378-35318-7
^d6.38 р.
035 ^a(BY-MI0001)BY-MI0001-br8961647
100 ^a20251219d2025 b y0rusy50 ca
101 0 ^arus
102 ^aRU
105 ^aa z 000oy
109 ^ama
200 1 ^aБармалей
^e[для дошкольного возраста]
^fКорней Чуковский
^g[художник Алиса Дьяченко]
210 ^aАксай
^cПроф-Пресс
^d2025
215 ^a10 с.
^cцв. ил.
^d22 см
300 ^aКнижка с глазками
333 ^a0+
345 ^94000 экз.
606 ^aРУССКАЯ ЛИТЕРАТУРА
^3BY-NLB-ar28702
^2DVNLB
606 ^aХУДОЖЕСТВЕННАЯ ЛИТЕРАТУРА
^3BY-NLB-ar37179
^2DVNLB
608 ^aДЕТСКАЯ И ЮНОШЕСКАЯ ЛИТЕРАТУРА (художеств. произведение)
^3BY-NLB-ar9019
^2BYGNR
608 ^aСКАЗКА
^3BY-NLB-ar30342
^2BYGNR
686 ^aД
^2rubbk
690 ^a1
^2Base
^9BY-MI0001
^xRSEK
700 1 ^aЧуковский
^bК. И.
^gКорней Иванович
^cписатель
^f1882—1969
^3BY-NLB-ar2359749
702 1 ^aДьяченко
^bА.
^gАлиса
^3BY-SEK-ar6400547
^4040
801 0 ^aBY
^bBY-MI0001
^c20251219
^gRCR
899 0 ^aBY-MI0001
^iЧ-88
^hД